| 000 | 00462nam a2200157Ia 4500 | ||
|---|---|---|---|
| 008 | 130318s9999 xx 000 0 und d | ||
| 020 | _a9788131222744 | ||
| 082 | _a004.22 PAT/C;3 | ||
| 100 | _aPatterson, David A | ||
| 245 | _aComputer organization and design:The hardware /software interface | ||
| 260 |
_bMorgan Kauffman _aHaryana _c2009 |
||
| 300 | _a689 | ||
| 650 | _aLANGUAGE OF THE COMPUTER | ||
| 650 | _aPROGRAMMING LANGUAGE | ||
| 700 | _aHennessy, John L | ||
| 999 |
_c2008 _d2008 |
||